| 000 | 00780nam a2200229 a 4500 | ||
|---|---|---|---|
| 005 | 20240925063801.0 | ||
| 008 | 030325s2001 mx r 000 0 spa d | ||
| 020 | _a8478842403 | ||
| 035 | _aUPN01000123220 | ||
| 049 | _aCG | ||
| 050 | 4 |
_aQ181 _bF5.6 |
|
| 245 | 0 | 0 |
_aFormación del profesorado de las ciencias y la matemática : _btendencias y experiencias innovadoras / _cDaniel Gil... [et al.]. |
| 260 |
_aMadrid : _bPopular, _c[2001]. |
||
| 300 | _a158 p. | ||
| 440 | 0 | _aProa | |
| 650 | 4 |
_aMAESTROS DE CIENCIAS EN SERVICIO, FORMACION DE _9847 |
|
| 650 | 4 |
_aMAESTROS DE MATEMATICAS EN SERVICIO, FORMACION DE _9870 |
|
| 650 | 4 |
_aMatemáticas _xEstudio y enseñanza _93601 |
|
| 650 | 4 |
_aCiencia _xEstudio y enseñanza _96354 |
|
| 700 | 1 |
_aGil, Daniel, _ecoaut. |
|
| 905 | _aLibro | ||
| 999 |
_c95401 _d95401 |
||